| 000 | 00494nam a2200181 a 4500 | ||
|---|---|---|---|
| 001 | 001138836 | ||
| 003 | AM-YeHGA | ||
| 005 | 20250617152145.0 | ||
| 008 | 160401s1944 ||| r 000 0 rus d | ||
| 040 | _aAM-YeHGA | ||
| 041 | 0 | _arus | |
| 100 | 1 | _aСкосырев, П. | |
| 245 | 1 | 0 |
_aФархад / _cП. Скосырев. |
| 260 |
_aМосква : _bСоветский писатель, _c1944. |
||
| 300 | _a154 с. | ||
| 653 | 0 | _aРусская литература | |
| 090 | _c367280 | ||
| 999 |
_c365418 _d365418 |
||